Регионална библиотека "Любен Каравелов" - Русе

Symphony Nr.8 [CD аудио] (Запис номер 218927)

MARC детайли
000 -Лидер
Контролно поле с фиксирана дължина 02525njm a2200589 c 4500
003 - Код на организацията, давaща контролен номер
Контролно поле BLK
005 - Дата и час на последна редакция
Контролно поле 20250130004035.0
008 - Елементи от данни с фиксирана дължина
fixed length control field 180410b bul||n||s|||||||| n|bulo|
010 ## - Наследен системен номер
LC control number CDD00001278000
040 ## - Източник на каталожния запис
Идентификатор на билиотеката - собственик на записа BLK
041 ## - Код за език
Код за езика на текст/звукозапис или на отделно заглавие Немски
Код за езика КДБФ Немски
080 ## - УДК
Текстов определител УДК Симфонии
УДК код - определител по УДК 785.082.1
УДК определител
УДК - код + определител 785.082.1
100 1# - Редна дума - Автор
Автор Mahler, Gustav
R(LIN) 17569
139 ## - Редно поле
Редна дума Mahler, Gustav
Авторски знак Mah - M 18
245 10 - Сведения за заглавието
Заглавие Symphony Nr.8 [CD аудио]
Подзаглавни данни Symphonie der Tausend : In E-Flat Major
Редно поле (дума) Gustav Mahler; * П. Бахметьев; сопран Ulla Gustafsson; сопран MariAnne Haggander; сопран Carolina Sandgren; алт Ulrika Tenstam; алт Anne Gjevang; тенор Seppo Ruohonen; баритон Mats Persson; бас Johann Tilli; Estonian Boys` Choir; Brunnsbo Children`s Choir; Gothenburg Opera Chorus; Royal Stockholm Philharmonic Choir; Gothenburg Opera Orchestra; Gothenburg Symphony Orchestra; диригент Neeme Jarvi.
246 11 - Различни форми на заглавието
Паралелно заглавие Симфония на хилядата
257 ## - Страна на издаване
Страна на създаване/издаване Германия
260 ## - Област на издателските данни
-- Leewarden
Име на издателя, разпространителя и проч. Brilliant Classics
Година на издаване Б. г.
300 ## - Физическа характеристика
Размери/Мащаб 12 см. Stereo
Тип мерна единица бр. в к-т
Количество на мерната единица 1 CD
306 ## - Продължителност на изпълнението
Времетраене 72 мин., 20 сек.
380 ## - Жанр
Жанр Изкуство
650 #4 - Допълнително описание по предмет – тема
Основно описание – тема или топоним Симфонии
9 (RLIN) 170960
650 #7 - Допълнително описание по предмет – тема
Основно описание – тема или топоним Вокално-инструментални творби
Източник на редна или ключова дума
9 (RLIN) 151228
653 ## - Ключова дума – ненормативна
Ключова дума симфонии
653 ## - Ключова дума – ненормативна
Ключова дума алт - женски певчески глас
653 ## - Ключова дума – ненормативна
Ключова дума сопрани
653 ## - Ключова дума – ненормативна
Ключова дума тенори
653 ## - Ключова дума – ненормативна
Ключова дума баритони
653 ## - Ключова дума – ненормативна
Ключова дума баси
700 1# - Други автори (авторска отговорност)
Лично име Бахметьев, П.
Автороска отговорност (Описва отношението между автора и произведението) *
9 (RLIN) 387511
700 1# - Други автори (авторска отговорност)
Лично име Gustafsson, Ulla
Автороска отговорност (Описва отношението между автора и произведението) сопран
9 (RLIN) 12036
700 1# - Други автори (авторска отговорност)
Лично име Haggander, MariAnne
Автороска отговорност (Описва отношението между автора и произведението) сопран
9 (RLIN) 12186
700 1# - Други автори (авторска отговорност)
Лично име Sandgren, Carolina
Автороска отговорност (Описва отношението между автора и произведението) сопран
9 (RLIN) 23236
700 1# - Други автори (авторска отговорност)
Лично име Tenstam, Ulrika
Автороска отговорност (Описва отношението между автора и произведението) алт
9 (RLIN) 26043
700 1# - Други автори (авторска отговорност)
Лично име Gjevang, Anne
Автороска отговорност (Описва отношението между автора и произведението) алт
9 (RLIN) 11236
700 1# - Други автори (авторска отговорност)
Лично име Ruohonen, Seppo
Автороска отговорност (Описва отношението между автора и произведението) тенор
9 (RLIN) 22969
700 1# - Други автори (авторска отговорност)
Лично име Persson, Mats
Автороска отговорност (Описва отношението между автора и произведението) баритон
9 (RLIN) 21009
700 1# - Други автори (авторска отговорност)
Лично име Tilli, Johann
Автороска отговорност (Описва отношението между автора и произведението) бас
9 (RLIN) 26274
700 1# - Други автори (авторска отговорност)
Лично име Estonian Boys` Choir
9 (RLIN) 354276
700 1# - Други автори (авторска отговорност)
Лично име Brunnsbo Children`s Choir
9 (RLIN) 6297
700 1# - Други автори (авторска отговорност)
Лично име Gothenburg Opera Chorus
9 (RLIN) 354277
700 1# - Други автори (авторска отговорност)
Лично име Royal Stockholm Philharmonic Choir
9 (RLIN) 354278
700 1# - Други автори (авторска отговорност)
Лично име Gothenburg Opera Orchestra
9 (RLIN) 354279
700 1# - Други автори (авторска отговорност)
Лично име Gothenburg Symphony Orchestra
9 (RLIN) 354280
700 1# - Други автори (авторска отговорност)
Лично име Jarvi, Neeme
Автороска отговорност (Описва отношението между автора и произведението) диригент
9 (RLIN) 354281
852 ## - Местоположение
Форматна сигнатура Цб CD 1714
Част 0
856 4# - Електронен адрес и достъп
Електронен формат pdf - файл
Път до файла /url/
856 4# - Електронен адрес и достъп
Електронен формат pdf - файл
Път до файла /url/
942 ## - АРТИКУЛИ
Вид на библиотечния материал Компактдискове
Скрит в OPAC Не
944 ## - СЪЗДАВАНЕ И РЕДАКЦИЯ на ЗАПИСА
Създаване/Редакция Създаване
Дата на регистрацията/редакция 01.10.2010
Служител, извършил регистрацията/редакцията
Статус, дата на статуса CRON CRON
944 ## - СЪЗДАВАНЕ И РЕДАКЦИЯ на ЗАПИСА
Създаване/Редакция Редакция
Дата на регистрацията/редакция 02.11.2010
Служител, извършил регистрацията/редакцията
999 ## - СИСТЕМНИ КОНТРОЛНИ НОМЕРА
Koha biblionumber 218927
Koha biblioitemnumber 218927
Наличности
Код за отписване Код за изгубен артикул Източник на класификационната схема Код за повреда Коз за рестрикции Код за отдаване Артикулен № Име на библиотеката - собственик Име на библиотеката, в която се намира в момента Статус (Текущо местоположение) Дата на вписване в системата Местоположение - отдел Цена в лева Инвентарен номер Систематично азбучна сигнатура Баркод Номер на екземпляра Цена в евро Служебна бележка Служебен тип на артикула
  Не е изгубен Universal Decimal Classification Не е повреден без рестрикции заемане за дома 390316 Регионална библиотека "Любен Каравелов" Русе Регионална библиотека "Любен Каравелов" Русе Отдел Изкуство - подръчен фонд 2008-04-25 Отдел Изкуство - подръчен фонд 5.00 250000003058 785/M 18 G 250000003058 1 2.56 Дост: DA Вид: А N: 8 Дата: 25.04.2008 Съставил: Валя_Йорданова Компактдискове
Vip Innovations Ltd, Rousse, Bulgaria 2025